000 00335 a2200169 4500
001 189796
020 _a85-86331-10-4
040 _cMagnum
100 _aHirsch, Sonia
240 1 0 _aDido
_lpor
245 1 0 _aDido
300 _a84
362 0 _a1999
440 1 _aCorrecotia
697 _aLITERATURA INFANTO-JUVENIL
942 _cBK
999 _c189796
_d189796